LHJMQ - Nommez toutes les équipes - Statistiques

Statistiques générales
  • Ce quiz a été pris 139 fois
    59 depuis la dernière actualisation
  • Le résultat moyen est 13 sur 18
Statistiques - réponses
Teams % Correct
Remparts
87%
Armada
84%
Océanic
84%
Voltigeurs
84%
Wildcats
84%
Drakkar
77%
Foreurs
77%
Olympiques
77%
Phoenix
77%
Saguenéens
77%
Tigres
77%
Huskies
74%
Sea Dogs
74%
Mooseheads
71%
Cataractes
68%
Islanders
58%
Eagles
55%
Regiment
45%
Aucun quiz correspondant
Distribution des résultats
% des personnes avec chaque résultat
Percentile par nombre de réponses
Votre historique - résultats
Vous n’avez pas pris ce quiz depuis la dernière actualisation